| 000 | 00691nam a2200229 a 4500 | ||
|---|---|---|---|
| 001 | BRCA_6350 | ||
| 005 | 20190320205424.0 | ||
| 008 | 170811s1922----gw-a######---#000-0#ger-# | ||
| 041 | _ager | ||
| 044 | _agw | ||
| 050 | 4 |
_aPR4621 _c.C65 1922 |
|
| 100 | 1 |
_aDoyle, Arthur Conan _cSir _d1859-1930 _915484 |
|
| 245 | 1 | 0 |
_aFünf Apfelsinenkerne und andere Detektivgeschichten _cvon Conan Doyle. |
| 260 |
_aStuttgart _bRobert Luz _c1922 |
||
| 300 |
_a312 p. _bil. _c19 cm. |
||
| 440 | 0 |
_aSherlock Holmes-Serie _v5 _915920 |
|
| 500 | _aEstado físico: encuadernación deteriorada y portada desprendida | ||
| 500 | _aK128 | ||
| 650 | 1 | 4 |
_aNovelas policíacas _9877 |
| 902 | _aGFM | ||
| 942 |
_2lcc _cB |
||
| 999 |
_c6036 _d6036 |
||